Biblioteca

Completa concordancia española de las Sagradas Escrituras ó sea diccionario alfabético de la Biblia (Registro nro. 31589)

Detalles MARC
000 -LÍDER
Campo fijo de descripción fija 008960000a22002890004500
001 - NÚMERO DE CONTROL
Campo de control 33
003 - IDENTIFICADOR DEL NÚMERO DE CONTROL
Campo de control CO-MdFUSB
005 - FECHA Y HORA DE LA ULTIMA TRANSACCIÓN
control field 20160318152808.0
008 - ELEMENTOS DE LONGITUD FIJA -- INFORMACIÓN GENERAL
Campo fijo de descripción fija -- Información general 160318t19641964spa |f |||| 00| 0 spa d
010 ## - NÚMERO DE CONTROL DE LA BIBLIOTECA DEL CONGRESO
Número de control LC CO-MdFUSB
040 ## - FUENTE DE CATALOGACIÓN
Agencia que realiza la transcripción CO-MdFUSB
Convenciones de la descripción rda
041 0# - CÓDIGO DE IDIOMA
Código de idioma para texto/pista de sonido o título separado
082 04 - NÚMERO DE CLASIFICACIÓN DECIMAL DEWEY
Número de clasificación R 220.2 S6341c
100 1# - ASIENTO PRINCIPAL--NOMBRE PERSONAL
Nombre personal Sloan, William Hill
245 10 - TÍTULO
Título del Material Completa concordancia española de las Sagradas Escrituras ó sea diccionario alfabético de la Biblia
Fechas incluidas / William Hill Sloan
250 ## - MENCIÓN DE EDICIÓN
Mención de edición 3
260 ## - PUBLICACIÓN, DISTRIBUCIÓN, ETC. (PIE DE IMPRENTA)
Lugar de publicación, distribución, etc. New York, USA : Sociedad Americana de Tratados
264 ## - PRODUCCIÓN, PUBLICACIÓN, DISTRIBUCIÓN, MANUFACTURA, Y COPYRIGHT
Lugar de producción, publicación, distribución, manufactura New York, USA
Nombre del productor, publicador, distribuidor : Sociedad Americana de Tratados
Fecha de producción, publicación, distribución, manufactura, o copyright 1964
300 ## - DESCRIPCIÓN FÍSICA
Extensión 1015 Pag. 1015 Pag.
336 ## - TIPO DE CONTENIDO
Término de tipo de contenido
337 ## - TIPO DE MEDIO
Fuente rdamedia
Nombre del tipo de medio
338 ## - TIPO DE SOPORTE
Nombre del tipo de soporte
504 ## - NOTA DE BIBLIOGRAFÍA, ETC.
Nota de bibliografía, etc Incluye referencias bibliográficas: páginas
650 14 - ASIENTO SECUNDARIO DE MATERIA - TERMINO TEMÁTICO
Término temático o nombre geográfico como elemento de entrada BIBLIA - CONCORDANCIAS
653 ## - TÉRMINO DE INDIZACIÓN - NO CONTROLADO
Término no controlado BIBLIA - CONCORDANCIAS
-- BIBLIA - CONCORDANCIAS
942 ## - TIPO DE MATERIAL (KOHA)
Tipo de Item KOHA Libros General
Existencias
Estado de Material Estado de Perdido Estado de Dañado No para Préstamo Colección Tomo Biblioteca de Origen Biblioteca Permanente Fecha de Adquisición Total de Préstamos Signatura Topográfica Código de Barras Última vez visto Ejemplar/Existencia Fecha de Remplazo Tipo de Material
        Colección de Referencia   Biblioteca FUSBC Biblioteca FUSBC 20/08/2004   R 220.2 S6341c 7873 12/12/2019 1 26/01/2016 Libros de Referencia
        Colección de Referencia   Biblioteca FUSBC Biblioteca FUSBC 20/08/2004   R 220.2 S6341c 7874 03/10/2024 2 26/01/2016 Libros de Referencia

Biblioteca FUSBC | Teléfono: (57+4) 349 88 10 Ext. 141| WhatsApp (+57) 3005338115 
E-mail: biblioteca@unisbc.edu.co | Calle 76 87-14 Robledo Palenque, Medellín, Colombia

Con tecnología Koha